Statistics for Hunter x Hunter Trivia (Easy)

Click here to take the quiz!

General Stats

  • This quiz has been taken 485 times
  • The average score is 9 of 15

Answer Stats

HintAnswer% Correct
Gon's Best FriendKillua
100%
Clown-like PsychopathHisoka
96%
Last surviving member of the Kurta ClanKurapika
95%
Evil Organization led by Chrollo LucilferPhantom Troupe
87%
King of the Chimera AntsMereum
82%
Hunter who uses Crazy SlotsKite
73%
Battle Arena Gon and Killua train atHeaven's Arena
63%
Phantom Troupe Member who is Kurapika's first killUvogin
57%
Gon's Nen TypeEnhancer
52%
Phantom Troupe Member who can Summon the SunFeiten
48%
Hunter Applicant who tries and sabotages rookies every yearTonpa
46%
Phantom Troupe Member who uses Nen StitchesMachi
45%
First human-like Chimera AntColt
33%
Country where the Chimera ants started populatingNGL
30%
Hunter with Amazing Hair and a Big HeartKnuckle
21%

Score Distribution

Percentile by Number Answered

Percent of People with Each Score

Your Score History

You have not taken this quiz